Celine Dion - Fill in the Blanks - Song Titles - Statistics

General Stats
  • This quiz has been taken 237 times
  • The average score is 13 of 15
Answer Stats
Title Missing Words % Correct
The Power of ____ Love
99%
It's All ______ Back to Me Now Coming
98%
All by ______ Myself
98%
My _____ Will Go On Heart
96%
______ and the Beast Beauty
95%
_______ You Loved Me Because
91%
A New ___ Has Come Day
90%
That's the ___ It Is Way
90%
I _____ All Night Drove
81%
Love Can Move _________ Mountains
81%
When I ____ In Love Fall
79%
To Love You ____ More
78%
Where Does My Heart ____ Now Beat
77%
I'm Your _____ Angel
61%
If You _____ Me To Asked
59%
No matching quizzes found
Score Distribution
Percent of People with Each Score
Percentile by Number Answered
Your Score History
You have not taken this quiz